Catalog

Record Details

Catalog Search



Práva dítěte v dokumentech  Cover Image Book Book

Práva dítěte v dokumentech / [editoři Soňa Koblová, Věra Mišurcová]

Record details

  • ISBN: 80-8521-56-7 (brož.) :
  • Physical Description: 94 s.
  • Publisher: Praha : Themis, 1999

Content descriptions

General Note:
Poznámky
Dotisk
Vydavatel Odbor prevence kriminality Ministerstva vnitra, Česká sekce Mezinárodní ochrany dětí, Fond ohrožených dětí
Subject: práva dětí
mezinárodní smlouvy
právní předpisy
komentáře

Available copies

  • 1 of 1 copy available at Common Catalog SPOK.

Holds

  • 0 current holds with 1 total copy.
Show Only Available Copies
Location Call Number / Copy Notes Barcode Shelving Location Status Due Date
Montessori Library KNI0122 4614600122 Chodba Available -

LDR 00993nam a2200289 a 4500
00145588
003CZ-PrJAB
00520191218115121.0
008050609tuuuuuuuuxr-----e------------cze--
020 . ‡a80-8521-56-7 (brož.) : ‡cKč 99.00
035 . ‡a(CZ-LiKVK)0047315
040 . ‡aLIA001 ‡bcze
0411 . ‡acze ‡heng
080 . ‡a342.7 ‡2MRF-sel
080 . ‡a342.1/.3 ‡2MRF-sel
24500. ‡aPráva dítěte v dokumentech / ‡c[editoři Soňa Koblová, Věra Mišurcová]
260 . ‡aPraha : ‡bThemis, ‡c1999
300 . ‡a94 s.
500 . ‡aPoznámky
500 . ‡aDotisk
500 . ‡aVydavatel Odbor prevence kriminality Ministerstva vnitra, Česká sekce Mezinárodní ochrany dětí, Fond ohrožených dětí
65007. ‡apráva dětí ‡2czenas ‡7ph124706
65007. ‡amezinárodní smlouvy ‡2LIA001 ‡7ph122825
65007. ‡aprávní předpisy ‡2LIA001 ‡7ph124717
65007. ‡akomentáře ‡2LIA001
7001 . ‡aKoblová, Soňa ‡4aut ‡7jn20001227321
7001 . ‡aMišurcová, Věra, ‡d1926- ‡4aut ‡7jk01081838
910 . ‡aABG2323
901 . ‡a45588 ‡bCZ-PrJAB ‡c45588 ‡tbiblio

Additional Resources